|
|
|
|
| LEADER |
01561nam a2200409 aa4500 |
| 001 |
000090120 |
| 003 |
CZ BrMZK |
| 005 |
20250717170132.0 |
| 007 |
ta |
| 008 |
010907s1996 xr e 000 0 cze d |
| 015 |
|
|
|a cnb003097924
|z cnb000184440
|z cnb000166486
|
| 020 |
|
|
|a 80-7198-120-6
|q (1 ;
|q brož.)
|
| 020 |
|
|
|a 80-7198-143-5
|q (2 ;
|q brož.)
|
| 035 |
|
|
|a (OCoLC)39579581
|
| 035 |
|
|
|a (OCoLC)84920910
|
| 040 |
|
|
|a ABA001
|b cze
|d BOA001
|
| 041 |
1 |
|
|a cze
|h eng
|
| 072 |
|
7 |
|a 821.111(73)-3
|x Americká próza
|2 Konspekt
|9 25
|
| 072 |
|
7 |
|a 316.7
|x Sociologie kultury. Kulturní život
|2 Konspekt
|9 1
|
| 080 |
|
|
|a 304
|
| 080 |
|
|
|a 820(73)-4
|
| 080 |
|
|
|a 008
|
| 100 |
1 |
|
|a Leary, Timothy,
|d 1920-1996
|7 jn19990004932
|4 aut
|
| 240 |
1 |
0 |
|a Timothy Leary's greatest hits.
|l Česky
|
| 245 |
1 |
0 |
|a Největší hity Timothyho Learyho :
|b rukopisy 1980-1990 /
|c [z angličtiny přeložil Antonín Konečný]
|
| 260 |
|
|
|a Olomouc :
|b Votobia,
|c c1996
|
| 300 |
|
|
|a 2 sv. (166; 151 s.) ;
|c 15 cm
|
| 490 |
1 |
|
|a Malá díla ;
|v sv. 66, 72
|
| 500 |
|
|
|a Dostupné též v digitální podobě v aplikaci Kramerius
|
| 650 |
0 |
7 |
|a civilizace
|7 ph119248
|2 czenas
|
| 655 |
|
7 |
|a eseje
|7 fd132213
|2 czenas
|
| 700 |
1 |
|
|a Konečný, Antonín
|7 jx20050722021
|4 trl
|
| 830 |
|
0 |
|a Malá díla
|0 s
|
| 856 |
4 |
1 |
|u http://www.digitalniknihovna.cz/mzk/uuid/uuid:3efe4820-8272-11f0-b124-5ef3fc9bb22f
|y Digitalizovaný dokument
|x NDK
|
| 910 |
|
|
|a BOA001
|b 1-1023.701
|s 1-
|
| 990 |
|
|
|a BK
|
| 996 |
6 |
|
|b 2610040599
|c 1-1023.701,1
|l MZK
|r Sklad / do 1 hodiny
|n 47
|p p.v.
|w 000090120
|u 000010
|a 1
|e BOA001
|j MZK50
|s P
|